000 02025nam a2200589 i 4500
001 30362
003 KOSZ 005
005 20201009095440.0
008 980702s1994 pl a f |000 0 pol
015 _aUWD 1996/563
020 _a8385949984
035 _a991003850459705066
035 _a(PL-WaBN)b11027198-48omnis_nlop
035 _ab11027198
035 _a(OCoLC)749757633
035 _a(PL)b0000001102719
035 _a(EXLNZ-48OMNIS_NETWORK)9910351577805606
040 _aWA N
_cWA N
_dKOSZ 005/EG
041 0 _apol
_beng
046 _k1994
080 _a504.2/.4
080 _a556.5
080 _a556.3
080 _a551.5
080 _a543
080 _a(438)
245 0 0 _aOcena chemizmu wód opadowych, powierzchniowych i glebowych na tle badań w Stacji Kompleksowego Monitoringu Puszcza Borecka /
_cApolonia Ostrowska [et al.] ; Państwowa Inspekcja Ochrony Środowiska.
260 _aWarszawa :
_bDział Informacji i Wydawnictw IOŚ - Instytutu Ochrony Środowiska :
_bPIOŚ,
_c1994.
300 _a80 s. :
_bwykr. ;
_c24 cm.
336 _aTekst
_btxt
_2rdacontent
337 _aBez urządzenia pośredniczącego
_bn
_2rdamedia
338 _aWolumin
_bnc
_2rdacarrier
380 _aKsiążki
388 _a1901-2000
388 _a1989-2000
490 1 _aBiblioteka Monitoringu Środowiska
504 _aBibliogr. s. 40-43. - Summ.
650 7 _aOpady
_2DBN
650 7 _aWody podziemne
_2DBN
650 7 _aHydrologia
_2DBN
650 7 _aWody śródlądowe
_2DBN
650 7 _aChemia
_2DBN
651 7 _aPuszcza Borecka
_2DBN
651 7 _aPolska
_2DBN
658 _aOchrona środowiska
700 1 _aOstrowska, Apolonia
_eAutor
710 2 _aPaństwowa Inspekcja Ochrony Środowiska
_4pbl
830 0 _aBiblioteka Monitoringu Środowiska
856 _uhttp://koha.tu.koszalin.pl/cgi-bin/koha/opac-detail.pl?biblionumber=30362
_yKatalog online BPK
942 _2UKD
_cKS
999 _c30362
_d30362